000 00520nam a22001937a 4500
003 MPLRDC
005 20220104192159.0
008 210129b ||||| |||| 00| 0 eng d
020 _a978-967-414-061-8
082 _a176.5 DCZ-5
100 _a戴晨志
245 _a态度对了幸福就来了
_c
250 _a初版
260 _a马来西亚
_b海滨出版(马)有限公司 SEASHORE PUBLISHING (M) SDN BHD
_c2012
300 _b
490 _a戴晨志作品
650 _a情绪
942 _cBK
_o176.5 DCZ-5
999 _c64600
_d64590